[Event "CHI-ch sf qual U1600"]
[Site "La Cruz"]
[Date "2019.12.29"]
[Round "1.3"]
[White "Amigo Quintana, Antu"]
[Black "Perez Rojas, Valentina"]
[Result "1-0"]
[WhiteElo "1460"]
[BlackElo "979"]
[PlyCount "71"]
[EventDate "2019.12.29"]
[EventType "swiss"]
[EventRounds "5"]
[EventCountry "CHI"]
[SourceTitle "EXT 2024"]
[Source "ChessBase"]
[SourceDate "2023.10.10"]
[SourceVersion "1"]
[SourceVersionDate "2023.10.10"]
[SourceQuality "1"]

1. e4 e5 2. Nf3 Nc6 3. d4 Bd6 4. d5 Nce7 5. c4 Nf6 6. Nc3 b6 7. Bd3 c6 8. 0-0 Bb7 9. a3 h6 10. b4 c5 11. Nb5 Qb8 12. Bb2 Ng6 13. Qd2 0-0 14. h4 Ba6 15. Nxd6 Qxd6 16. b5 Bc8 17. a4 a6 18. a5 Ng4 19. Rfb1 Qf6 20. g3 Rb8 21. Nh2 d6 22. f4 exf4 23. Bxf6 Nxf6 24. gxf4 Nxh4 25. Qf2 Ng6 26. bxa6 Bxa6 27. Rxb6 Rxb6 28. axb6 Bb7 29. Ra7 Bc8 30. b7 Bxb7 31. Rxb7 Nh5 32. f5 Ngf4 33. Bf1 g6 34. Ng4 Kh8 35. Nxh6 gxf5 36. Rxf7 1-0